| 000 | 00331nam a2200133Ia 4500 | ||
|---|---|---|---|
| 008 | 200615s9999||||xx |||||||||||||| ||und|| | ||
| 020 | _a9788120310117 | ||
| 082 |
_a650 _bMER-J |
||
| 100 | _aJ FRED WESTON | ||
| 245 | 0 | _aMERGERS RESTRUCTURING AND CORPORATE CONTROL | |
| 250 | _a2ND | ||
| 260 |
_anew delhi _bPHI _c2018 |
||
| 942 | _cBK | ||
| 999 |
_c27712 _d27712 |
||